=LDR 00000nam 2200000 4500 =001 001179 =005 20250710122930 =035 ##$$a 0010-0725000092 =007 ta =008 250710################a##########0#ind## =020 ##$$a 978-623-472-144-7 =082 ##$$a 398.209 598 =084 ##$$a 398.209 598 NIL k =100 #$$a Nilekani, Rohini =245 1#$$a Kaus Merahku /$c Rohini Nilekani =250 ##$$a Cetakan Pertama =260 ##$$a Jakarta :$b Badan Pengembangan dan Pembinaan Bahasa,$c 2022 =300 ##$$a 20 hlm. : $b ilus. ; $c 22,9 cm =650 #4$$a CERITA ANAK INDONESIA-TERJEMAHAN-INGGRIDS =650 #4$$a LITERASI-BAHAN BACAAN